=LDR 00000nam 2200000 4500 =001 NUTBA000000000003681 =005 20140825115816.0 =006 =007 =008 =020 ##$$a979-731-558-4 =035 ##$$a 0010-081400000000526 =082 ##$$a658.404 =100 ##$$a JONG JEK SIANG =245 ##$$a MATEMATIKA DISKRIT DAN APLIKASINYA =260 ##$$a YOGYAKARTA $b ANDI $c 2004 =700 ##$$aMATEMATIKA DISKRIT